One Piece- Tous les adversaires de Sanji - Statistiques

Statistiques générales
  • Ce quiz a été pris 159 fois
  • Le résultat moyen est 22 sur 47
Statistiques - réponses
Adversaires de Sanji % Correct
Queen
85%
Gin
78%
Jabura
74%
Kizaru
74%
Vinsmoke Judge
72%
Bonclay
71%
Vinsmoke Niji
71%
Ener
69%
Monkey D.Luffy
68%
Vinsmoke Ichiji
68%
Big Mom
67%
Bartholomew Kuma
66%
Donquichotte Doflamingo
66%
Vinsmoke Yonji
66%
Zeff
66%
Absalom
60%
Emporio Ivankov
60%
Pearl
60%
Kalifa
59%
Gecko Moria
58%
Oz
55%
Page One
48%
Kuroobi
47%
Satori
46%
Vergo
46%
PX-4
44%
Charlotte Oven
43%
PX-7
43%
Duval
41%
Sentomaru
41%
King
40%
Charlotte Daifuku
37%
Black Maria
35%
X Drake
35%
Wanze
34%
Wadatsumi
27%
Mister 13
25%
Bobbin
17%
Miss Friday
16%
Rock
15%
Scotch
15%
S-Shark
15%
Violette
14%
Charlotte Raisin
13%
Sheepshead
7%
Caroline
3%
Kuni
2%
Aucun quiz correspondant
Distribution des résultats
% des personnes avec chaque résultat
Percentile par nombre de réponses
Votre historique - résultats
Vous n’avez pas pris ce quiz